<?xml version="1.0" encoding="UTF-8"?>
<record
    xmlns:xsi="http://www.w3.org/2001/XMLSchema-instance"
    xsi:schemaLocation="http://www.loc.gov/MARC21/slim http://www.loc.gov/standards/marcxml/schema/MARC21slim.xsd"
    xmlns="http://www.loc.gov/MARC21/slim">

  <leader>00935aab a2200193 i 4500</leader>
  <controlfield tag="001">768714001</controlfield>
  <controlfield tag="003">CO-MdFUSB</controlfield>
  <controlfield tag="005">20250820161609.0</controlfield>
  <controlfield tag="008">240423t1998    ag ||||| |||| 00| 0 spa d</controlfield>
  <datafield tag="040" ind1=" " ind2=" ">
    <subfield code="b">spa</subfield>
    <subfield code="c">CO-MdFUSB</subfield>
  </datafield>
  <datafield tag="041" ind1=" " ind2=" ">
    <subfield code="a">spa</subfield>
  </datafield>
  <datafield tag="100" ind1="1" ind2=" ">
    <subfield code="a">Encuentro de Evangelicos, Pol&#xED;tica y Sociedad (EPOS)</subfield>
    <subfield code="e">autor</subfield>
  </datafield>
  <datafield tag="245" ind1=" " ind2=" ">
    <subfield code="a">Carta abierta a las iglesias evang&#xE9;licas de Am&#xE9;rica Latina</subfield>
    <subfield code="c">/ EPOS</subfield>
  </datafield>
  <datafield tag="300" ind1=" " ind2=" ">
    <subfield code="a">Volumen 17, n&#xFA;mero 3 (julio - septiembre, 1998), p&#xE1;ginas: 26 - 27</subfield>
    <subfield code="c">; 27 cm</subfield>
  </datafield>
  <datafield tag="520" ind1=" " ind2=" ">
    <subfield code="a">El siguiente documento surgi&#xF3; del encuentro de Evangelicos, Pol&#xED;tica y Sociedad (EPOS) realizado en el Centro Kair&#xF3;s, Buenos Aires, Argentina,  en 1998, en el cual mencionan los  esfuerxos por lograr los est&#xE1;ndares &#xE9;ticos del reino en Am&#xE9;rica Latina.</subfield>
  </datafield>
  <datafield tag="773" ind1="0" ind2=" ">
    <subfield code="t">Iglesia y Misi&#xF3;n</subfield>
    <subfield code="0">49402</subfield>
    <subfield code="9">59633</subfield>
    <subfield code="g">Volumen 17, n&#xFA;mero 3 (julio - septiembre, 1998), p&#xE1;ginas: 26 - 27</subfield>
    <subfield code="q">p&#xE1;gina: 26 </subfield>
  </datafield>
  <datafield tag="942" ind1=" " ind2=" ">
    <subfield code="c">ANA</subfield>
  </datafield>
  <datafield tag="945" ind1=" " ind2=" ">
    <subfield code="a">JTF-925</subfield>
  </datafield>
  <datafield tag="999" ind1=" " ind2=" ">
    <subfield code="c">52324</subfield>
    <subfield code="d">52324</subfield>
  </datafield>
</record>
